• 首页
  • 本馆介绍
  • 公告通知
  • 最新文献
  • 馆藏检索
  • 电子资源
  • 读者导购
  • 参考咨询
  • 我的图书馆
  • 登录
  • 详细信息显示
  • 放入我的书架
  • 预约/预借图书
  • 作者相关作品
  • 分类相关作品
  • 丛书相关作品
  • 出版社相关作品

书目信息

  • 表格格式
  • 工作单格式
  • 卡片格式
题名:
三国志
    
 
作者: 陈寿 著 ;夏华 编译
分册:  
出版信息: 沈阳   万卷出版公司  2012.03
页数: 309页
开本: 26cm
丛书名:
单 册:
中图分类: K236.042
科图分类:
主题词: 三国时代--历史--纪传体 , 三国时代 , 历史
电子资源:
ISBN: 978-7-5470-1636-7
000 00894oam2 2200313 45
001 010050033416
005 20130608170721.82
010    @a978-7-5470-1636-7@dCNY28.80
035    @a005935901
100    @a20120802d2012 em y0chiy0110 ea
101 0  @achi
102    @aCN@b210000
105    @aa z 000yy
106    @ar
200 1  @a三国志@9san guo zhi@e图文版@f陈寿著@g夏华等编译
210    @a沈阳@c万卷出版公司@d2012.03
215    @a309页@d26cm
300    @a万卷楼国学经典
330    @a本书收录了魏书、蜀书、吴书。每篇文章配有注音、原文、图片、译文、注释等,内容通俗易懂。
605    @a《三国志》@x译文
605    @a《三国志》
606 0  @a三国时代@x历史@j纪传体
606 0  @a三国时代
606 0  @a历史
690    @aK236.042@v5
701  0 @c(晋)@a陈寿@9chen shou@f(233~297)@4著
702  0 @a夏华@9xia hua@4编译
801  0 @aCN@bNLC@c20120911
905    @dK236.042@e47
    
    三国志:图文版/陈寿著/夏华等编译.-沈阳:万卷出版公司,2012.03
    309页;26cm
    万卷楼国学经典
    
    ISBN 978-7-5470-1636-7:CNY28.80
    本书收录了魏书、蜀书、吴书。每篇文章配有注音、原文、图片、译文、注释等,内容通俗易懂。
●
相关链接 在E读中查询图书 在五车中查询图书 在当当中查询图书 在豆瓣中查询图书


正题名:三国志     索取号:K236.042/47         预约/预借

序号 登录号 条形码 馆藏地/架位号 状态 备注
1 0545759   205457593   第二样本阅览室/ [索取号:K236.042/47] 在馆    
2 0545760   205457600   第二借阅区/ [索取号:K236.042/47] 在馆    
3 0545761   205457619   第二借阅区/ [索取号:K236.042/47] 在馆    
4 0545762   205457628   第二借阅区/ [索取号:K236.042/47] 在馆    
5 0545763   205457637   第二借阅区/ [索取号:K236.042/47] 在馆    
唐山师范学院图书馆 欢迎您!
大连网信软件有限公司© 版权所有